000 00646nam a2200217Ia 4500
003 OSt
005 20230623114856.0
008 210423s2012 xx 000 0 und d
020 _a978-93-80250-29-8
040 _cAL
041 _aeng
082 _a515.9 JARF
100 _aJARNICKI (Marek);PFLUG (Peter)
_9114670
245 _aFirst steps in several complex variables: Reinhardt domains
260 _aNew Delhi
_bHindustan Book Agency
_c2012
300 _aviii,359
_bPB
365 _b495
_cINR
650 _aComplex Variables
_9114671
906 _acomplex ; domains ; First ; reinhardt ; several ; steps ; variables:
942 _2ddc
_cBK
999 _c168123
_d168123